|
|
|
|
| LEADER |
00000nam0a2200000 4500 |
| 001 |
76383 |
| 005 |
20231031091629.0 |
| 035 |
|
|
|a (RuTPU)RU\TPU\book\81738
|
| 090 |
|
|
|a 76383
|
| 100 |
|
|
|a 20050419d1979 km y0rusy50 ca
|
| 101 |
0 |
|
|a rus
|
| 102 |
|
|
|a RU
|
| 105 |
|
|
|a a g 001zy
|
| 200 |
1 |
|
|a Приборы для измерения температуры контактным способом
|e справочник
|f под ред. Р. В. Бычковского
|
| 210 |
|
|
|a Львов
|c Вища школа
|d 1979
|
| 215 |
|
|
|a 208 с.
|c ил.
|
| 320 |
|
|
|a Библиогр.: с. 190-191.
|
| 610 |
1 |
|
|a термопреобразователи
|
| 610 |
1 |
|
|a автоматические приборы
|
| 610 |
1 |
|
|a погрешности
|
| 610 |
1 |
|
|a измерение
|
| 610 |
1 |
|
|a температура
|
| 610 |
1 |
|
|a средства измерений
|
| 610 |
1 |
|
|a поверка
|
| 610 |
1 |
|
|a справочники
|
| 675 |
|
|
|a 621.317(035)
|v 3
|
| 702 |
|
1 |
|a Бычковский
|b Р. В.
|4 340
|
| 801 |
|
1 |
|a RU
|b 63413507
|c 20050419
|g PSBO
|
| 801 |
|
2 |
|a RU
|b 63413507
|c 20210811
|g PSBO
|
| 942 |
|
|
|c BK
|